Fuzzy logic with engineering applications

Spremljeno u:
Bibliografski detalji
Glavni autor: Ross, Timothy J.
Format: Knjiga
Jezik:Undetermined
Izdano: New York McGraw- Hill 1997
Teme:
Oznake: Dodaj oznaku
Bez oznaka, Budi prvi tko označuje ovaj zapis!
Thư viện lưu trữ: Trung tâm Học liệu Trường Đại học Cần Thơ
LEADER 00501nam a2200181Ia 4500
001 CTU_75098
008 210402s9999 xx 000 0 und d
082 |a 620.0015113 
082 |b R824 
100 |a Ross, Timothy J. 
245 0 |a Fuzzy logic with engineering applications 
245 0 |c Timothy J. Ross 
260 |a New York 
260 |b McGraw- Hill 
260 |c 1997 
650 |a Engineering mathematics 
904 |a Trọng Hải 
980 |a Trung tâm Học liệu Trường Đại học Cần Thơ